| 000 | 00669nam a2200217 a 4500 | ||
|---|---|---|---|
| 005 | 20240827063714.0 | ||
| 008 | 030307s2002 mx r 000 0 spa d | ||
| 020 | _a8471977028 | ||
| 035 | _aUPN01000122625 | ||
| 049 | _aCG | ||
| 050 | 4 |
_aLA912 _bP8.2 |
|
| 245 | 0 | 1 |
_a¿Es pública la escuela pública? / _ccoord. Mariano Fernández Enguita. |
| 260 |
_aBarcelona, Esp. : _bPraxis, _c2002. |
||
| 300 |
_a348 p. : _bil. |
||
| 440 | 0 | _aCompromiso con la educación | |
| 500 | _a"Debates" | ||
| 650 | 4 |
_aESCUELAS PUBLICAS - _zESPAÑA _913516 |
|
| 650 | 4 |
_aESCUELAS PRIVADAS - _zESPAÑA _916228 |
|
| 650 | 0 |
_aSociología de la educación _zEspaña _915488 |
|
| 905 | _aLibro | ||
| 999 |
_c94810 _d94810 |
||